Концепт будущего в программах политических партий современной России; Вестник Томского государственного университета. Философия. Социология. Политология; № 3 (19)

Detalles Bibliográficos
Parent link:Вестник Томского государственного университета. Философия. Социология. Политология/ Национальный исследовательский Томский государственный университет (ТГУ).— , 2007-
№ 3 (19).— 2012.— [С. 82-92]
Autor Principal: Сенцов А. Э. Аркадий Эдуардович
Autor Corporativo: Национальный исследовательский Томский политехнический университет (ТПУ) Институт неразрушающего контроля (ИНК) Кафедра иностранных языков Института неразрушающего контроля (ИЯНК)
Summary:Заглавие с экрана
Рассматривается представление концепта будущего в программах парламентских партий России.
In the article it says about the representation of the future concept in the programs of Russian parliamentary parties. The future concept treated in this article is basic not for the political discourse but for the person and the society in general. The very structure of the political parties programs contribute to the bright reflection of the future concept. Thereby, the entire party program can be viewed as a linguistic expression of the future concept.
Режим доступа: по договору с организацией-держателем ресурса
Idioma:ruso
Publicado: 2012
Subjects:
Acceso en liña:http://elibrary.ru/item.asp?id=17943355
http://journals.tsu.ru/philosophy/&journal_page=archive&id=524&article_id=11746
Formato: Electrónico Capítulo de libro
KOHA link:https://koha.lib.tpu.ru/cgi-bin/koha/opac-detail.pl?biblionumber=642503

MARC

LEADER 00000nla0a2200000 4500
001 642503
005 20250205120023.0
035 |a (RuTPU)RU\TPU\network\7460 
035 |a RU\TPU\network\6899 
090 |a 642503 
100 |a 20150626d2012 k||y0rusy50 ca 
101 0 |a rus 
102 |a RU 
135 |a drcn ---uucaa 
181 0 |a i  
182 0 |a b 
200 1 |a Концепт будущего в программах политических партий современной России  |d The future concept in the programs of modern Russia political parties  |f А. Э. Сенцов 
203 |a Текст  |c электронный 
300 |a Заглавие с экрана 
320 |a [Библиогр.: с. 92 (17 назв.)] 
330 |a Рассматривается представление концепта будущего в программах парламентских партий России. 
330 |a In the article it says about the representation of the future concept in the programs of Russian parliamentary parties. The future concept treated in this article is basic not for the political discourse but for the person and the society in general. The very structure of the political parties programs contribute to the bright reflection of the future concept. Thereby, the entire party program can be viewed as a linguistic expression of the future concept. 
333 |a Режим доступа: по договору с организацией-держателем ресурса 
461 |t Вестник Томского государственного университета. Философия. Социология. Политология  |f Национальный исследовательский Томский государственный университет (ТГУ)  |d 2007- 
463 |t № 3 (19)  |v [С. 82-92]  |d 2012 
510 1 |a The future concept in the programs of modern Russia political parties  |z eng 
610 1 |a электронный ресурс 
610 1 |a труды учёных ТПУ 
610 1 |a политический дискурс 
610 1 |a дискурс-анализ 
610 1 |a концепт будущего 
610 1 |a программа партии 
610 1 |a политические партии 
700 1 |a Сенцов  |b А. Э.  |c лингвист  |c доцент Томского политехнического университета, кандидат политических наук  |f 1983-  |g Аркадий Эдуардович  |3 (RuTPU)RU\TPU\pers\27933 
712 0 2 |a Национальный исследовательский Томский политехнический университет (ТПУ)  |b Институт неразрушающего контроля (ИНК)  |b Кафедра иностранных языков Института неразрушающего контроля (ИЯНК)  |3 (RuTPU)RU\TPU\col\18721 
801 2 |a RU  |b 63413507  |c 20161121  |g RCR 
856 4 |u http://elibrary.ru/item.asp?id=17943355 
856 4 |u http://journals.tsu.ru/philosophy/&journal_page=archive&id=524&article_id=11746 
942 |c CF